| Tag |
First Indicator |
Second Indicator |
Subfields |
| LEADER |
00000cam a2200000 4500 |
| 001 |
in00000303045 |
| 005 |
20151010142707.0 |
| 008 |
740116s1973 enka b 00110beng |
| 010 |
|
|
|a 73180812
|
| 015 |
|
|
|a GB***
|
| 020 |
|
|
|a 0582500524
|c 8.50
|
| 035 |
|
|
|a (OCoLC)00803409
|
| 035 |
|
|
|9 ABH4582AM
|
| 040 |
|
|
|a DLC
|c DLC
|d TXA
|d UtOrBLW
|
| 043 |
|
|
|a e-fr---
|
| 049 |
|
|
|a TXAM
|c [1234313]
|
| 050 |
0 |
0 |
|a DC342.8.G3
|b B79
|
| 082 |
0 |
|
|a 944.081/092/4
|a B
|
| 100 |
1 |
|
|a Bury, J. P. T.
|q (John Patrick Tuer),
|d 1908-
|
| 245 |
1 |
0 |
|a Gambetta and the making of the Third Republic /
|c [by] J. P. T. Bury.
|
| 264 |
|
1 |
|a London :
|b Longman,
|c [1973]
|
| 300 |
|
|
|a xi, 499 pages :
|b illustrations ;
|c 23 cm.
|
| 336 |
|
|
|a text
|b txt
|2 rdacontent
|
| 337 |
|
|
|a unmediated
|b n
|2 rdamedia
|
| 338 |
|
|
|a volume
|b nc
|2 rdacarrier
|
| 504 |
|
|
|a Bibliography: pages 472-485.
|
| 600 |
1 |
0 |
|a Gambetta, Léon,
|d 1838-1882.
|
| 651 |
|
0 |
|a France
|x Politics and government
|y 1870-1940.
|
| 999 |
|
|
|a MARS
|
| 999 |
f |
f |
|s 504583ed-f786-3c5e-b363-cdebeb7ca4e7
|i 2689e46a-1e82-33fa-8b17-e7ba5a8e8ff6
|t 0
|
| 952 |
f |
f |
|p ric
|a Texas A&M University
|b Rellis Campus
|c Joint Library Facility
|d Remote Storage
|t 0
|e DC342.8.G3 B79
|h Library of Congress classification
|i unmediated -- volume
|m A14801965828
|
| 998 |
f |
f |
|a DC342.8.G3 B79
|t 0
|l Remote Storage
|